Managing Six sigma : A practical guide to understanding, assessing, and implementing the strategy that yields bottom line success

Tallennettuna:
Bibliografiset tiedot
Päätekijä:  Breyfogle III, Forrest W
Aineistotyyppi: Sách
Kieli:Undetermined
Julkaistu:  John Wiley & Sons  2001
Aiheet:
Tagit: Lisää tagi
Ei tageja, Lisää ensimmäinen tagi!
Thư viện lưu trữ: Trung tâm Thư viện - Trường Đại học Công nghiệp TP. Hồ Chí Minh
LEADER 00596nam a2200157Ia 4500
001 UIH_04201
008 231011s9999 xx 000 0 und d
082 |a  658.562 
100 |a  Breyfogle III, Forrest W 
245 0 |a  Managing Six sigma : A practical guide to understanding, assessing, and implementing the strategy that yields bottom line success 
245 0 |c  Breyfogle III, Forrest W 
260 |b  John Wiley & Sons 
260 |c  2001 
650 |a  Chất lượng;  
927 |a Sách 
980 |a Trung tâm Thư viện - Trường Đại học Công nghiệp TP. Hồ Chí Minh